Pays avec du rouge sur leur drapeau - Mort subite - Statistiques

Statistiques générales
  • Ce quiz a été pris 113 fois
  • Le résultat moyen est 11 sur 17
Answers on the Grid
Answers color-coded by a green-red scale on the quiz's grid according to % correct below.
Suisse
Estonie
Canada
Malawi
Somalie
Vietnam
Mauritanie
Autriche
Suède
Brésil
Australie
Japon
Inde
Nigeria
Afrique du Sud
Lesotho
Slovaquie
Albanie
Bosnie-Herzégovine
Russie
Grèce
Kazakhstan
États-Unis
Jamaïque
Pérou
Bangladesh
Arabie Saoudite
Gabon
Danemark
Finlande
Portugal
Algérie
 
Statistiques - réponses
Réponse % Correct
Suisse
99%
Canada
94%
Autriche
77%
Vietnam
75%
Japon
73%
États-Unis
66%
Portugal
66%
Russie
66%
Albanie
65%
Danemark
65%
Pérou
58%
Australie
54%
Afrique du Sud
53%
Algérie
53%
Slovaquie
49%
Bangladesh
44%
Malawi
39%
Aucun quiz correspondant
Distribution des résultats
% des personnes avec chaque résultat
Percentile par nombre de réponses
Votre historique - résultats
Vous n’avez pas pris ce quiz